000 00569nam a22001577a 4500
003 OSt
005 20151002102911.0
008 151002b xxu||||| |||| 00| 0 eng d
040 _cRUA
082 _aAVM សរ 1989 B065 Or.1
100 _91729
_aសរ ប៉ុញ
245 _aការវាយតំលៃដោយប្រៀបធៀប អំពី វិធីព្យាបាលអាប់សែ(បូស) ខាងក្រៅរបស់សត្វជ្រូក
260 _aPhnom Penh
_bRUA
_c1989
300 _a75p.
_bill.
_c29cm.
942 _2ddc
_cAVM
999 _c1631
_d1631